Statistics for The Only Australian State That #1

Click here to take the quiz!

General Stats

  • This quiz has been taken 7 times
  • The average score is 8 of 9

Answer Stats

HintAnswer% Correct
The state Uluṟu (Ayers Rock) is inNorthern Territory
100%
The state where you can find the Daintree RainforestQueensland
100%
To only consist on an islandTasmania
100%
That is completely surrounded by another stateACT
86%
Has a population density of over 10Victoria
86%
The only place in the world where you can find quokkasWestern Australia
86%
The most populous StateNew South Wales
71%
Where the Opal Capital of the world is locatedSouth Australia
71%
The state you can find the world’s largest rock formationWestern Australia
71%

Score Distribution

Percentile by Number Answered

Percent of People with Each Score

Your Score History

You have not taken this quiz